[Event "23rd Hoogeveen op"]
[Site "Hoogeveen NED"]
[Date "2019.10.22"]
[Round "5.5"]
[White "Beerdsen, Thomas"]
[Black "Vestby-Ellingsen, Mads"]
[Result "1-0"]
[WhiteElo "2472"]
[BlackElo "2363"]
[EventDate "2019.10.19"]
[PlyCount "73"]

1.e4 c5 2.Nf3 e6 3.d4 cxd4 4.Nxd4 Nc6 5.Nc3 Qc7 6.Be3 a6 7.a3 b5 8.Nxc6 
Qxc6 9.Be2 Bb7 10.Qd4 d6 11.f4 Nf6 12.Bf3 Qc7 13.O-O-O Be7 14.g4 O-O 15.h4
Nd7 16.h5 e5 17.fxe5 Nxe5 18.Be2 Rac8 19.g5 Qc5 20.Qd2 Nc4 21.Bxc4 Qxc4 
22.Bd4 a5 23.h6 g6 24.b3 Qe6 25.Rhe1 Rfe8 26.Qf4 Bf8 27.Re3 b4 28.axb4 
axb4 29.Nd5 Bxd5 30.exd5 Qf5 31.Qxf5 gxf5 32.Rxe8 Rxe8 33.Bf6 Re2 34.Rd4 
Re4 35.Rxe4 fxe4 36.Kd2 e3+ 37.Kxe3 1-0

[Event "23rd Hoogeveen op"]
[Site "Hoogeveen NED"]
[Date "2019.10.22"]
[Round "5.6"]
[White "Morozov, Nichita"]
[Black "Gomes, Mary Ann"]
[Result "1/2-1/2"]
[WhiteElo "2394"]
[BlackElo "2268"]
[EventDate "2019.10.19"]
[PlyCount "25"]

1.d4 Nf6 2.Nf3 e6 3.e3 b6 4.Bd3 Bb7 5.O-O d5 6.b3 Bd6 7.Bb2 O-O 8.Nbd2 Ne4
9.Ne5 Nxd2 10.Qxd2 Nd7 11.c4 Bxe5 12.dxe5 Nc5 13.Rad1 1/2-1/2

[Event "23rd Hoogeveen op"]
[Site "Hoogeveen NED"]
[Date "2019.10.22"]
[Round "5.7"]
[White "Dixit, Nikhil"]
[Black "Harutjunyan, Gevorg"]
[Result "1/2-1/2"]
[WhiteElo "2358"]
[BlackElo "2428"]
[EventDate "2019.10.19"]
[PlyCount "36"]

1.e4 c6 2.Nc3 d5 3.Nf3 Bg4 4.d4 dxe4 5.Nxe4 Nf6 6.Bd3 Nbd7 7.h3 Bh5 8.Ng3 
Bg6 9.Bxg6 hxg6 10.O-O e6 11.Qe2 Qc7 12.Ne5 Bd6 13.Re1 c5 14.Nxd7 Qxd7 15.
dxc5 Bxc5 16.Ne4 Nxe4 17.Qxe4 Rh5 18.Be3 Rc8 1/2-1/2

[Event "23rd Hoogeveen op"]
[Site "Hoogeveen NED"]
[Date "2019.10.22"]
[Round "5.8"]
[White "Basso, Pier Luigi"]
[Black "Wiersma, Eelke"]
[Result "1-0"]
[WhiteElo "2575"]
[BlackElo "2321"]
[EventDate "2019.10.19"]
[PlyCount "91"]

1.d4 Nf6 2.c4 e6 3.Nf3 c5 4.d5 exd5 5.cxd5 d6 6.Nc3 g6 7.h3 Bg7 8.e4 O-O 
9.Bd3 a6 10.a4 Nh5 11.O-O Nd7 12.Bg5 Bf6 13.Be3 Re8 14.Re1 Ne5 15.Be2 
Nxf3+ 16.Bxf3 Ng7 17.Bf4 Rb8 18.Rc1 Be5 19.Qd2 Bd7 20.Bg4 f6 21.Rb1 Qc8 
22.Bxd7 Qxd7 23.Bh2 b5 24.axb5 axb5 25.b4 Bxh2+ 26.Kxh2 Rec8 27.f4 Ne8 28.
bxc5 Rxc5 29.Ne2 f5 30.Ng3 Nf6 31.exf5 gxf5 32.Rb3 Rxd5 33.Qb2 Qf7 34.Nf1 
Nh5 35.Rbe3 Nxf4 36.Re7 Qg6 37.R1e3 Qxg2+ 38.Qxg2+ Nxg2 39.Rg3+ Kh8 40.
Rxg2 Rg8 41.Ra2 Rd1 42.Ng3 Rd5 43.Rf7 b4 44.Nh5 b3 45.Nf6 bxa2 46.Rxh7# 
1-0

[Event "23rd Hoogeveen op"]
[Site "Hoogeveen NED"]
[Date "2019.10.22"]
[Round "5.9"]
[White "Zwirs, Nico"]
[Black "Van Dael, Siem"]
[Result "1-0"]
[WhiteElo "2421"]
[BlackElo "2273"]
[EventDate "2019.10.19"]
[PlyCount "45"]

1.c4 Nf6 2.Nc3 g6 3.e4 d6 4.d4 Bg7 5.h3 O-O 6.Be3 c6 7.Nf3 Na6 8.Bd3 e5 9.
O-O Qe7 10.Re1 Nh5 11.Bf1 Nc7 12.Qd2 Ne6 13.d5 Nef4 14.dxc6 bxc6 15.Rad1 
Qf6 16.Nh2 Be6 17.g4 Qh4 18.gxh5 Bh6 19.Ne2 Bxh3 20.Bxf4 exf4 21.Bxh3 Qxh3
22.Qc3 Qxh5 23.Qf3 1-0

[Event "23rd Hoogeveen op"]
[Site "Hoogeveen NED"]
[Date "2019.10.22"]
[Round "5.10"]
[White "Bhambure, Shantanu"]
[Black "Kaasen, Tor Fredrik"]
[Result "0-1"]
[WhiteElo "2291"]
[BlackElo "2415"]
[EventDate "2019.10.19"]
[PlyCount "120"]

1.d4 Nf6 2.c4 e6 3.Nf3 d5 4.Nc3 Bb4 5.cxd5 exd5 6.Bf4 O-O 7.e3 Bf5 8.Qb3 
c5 9.dxc5 Qa5 10.a3 Bxc3+ 11.bxc3 Qxc5 12.Nd4 Bg6 13.Be2 Nc6 14.O-O Ne4 
15.Rfc1 Na5 16.Qb4 Rac8 17.Bg4 f5 18.Bd1 Rf6 19.f3 Nd2 20.e4 Ndc4 21.Bg5 
Rf7 22.Qxc5 Rxc5 23.Ne6 Rc8 24.exd5 Rd7 25.Ba4 Rxd5 26.Nf4 Rd6 27.Nxg6 
Rxg6 28.h4 h6 29.Bf4 Nb6 30.Bc2 Rxc3 31.Bd2 Rc5 32.Bb4 Re5 33.Re1 Nac4 34.
Rxe5 Nxe5 35.Kf2 Rf6 36.Rd1 Nbc4 37.Rd8+ Kh7 38.h5 Nc6 39.Rd5 Nxb4 40.axb4
Nd6 41.g4 Kg8 42.gxf5 Kf8 43.Re5 Nf7 44.Rb5 b6 45.Bb3 a6 46.Rd5 Rd6 47.
Rxd6 Nxd6 48.f6 gxf6 49.Ke3 Ke7 50.Kd4 a5 51.bxa5 bxa5 52.f4 Nf5+ 53.Kd5 
Ng7 54.Bd1 Ne6 55.Ke4 a4 56.Ke3 a3 57.Bb3 Ng7 58.Kf3 Nxh5 59.Kg4 Ng7 60.
Kf3 Kd6 0-1

[Event "23rd Hoogeveen op"]
[Site "Hoogeveen NED"]
[Date "2019.10.22"]
[Round "5.11"]
[White "Seul, Georg"]
[Black "Blagojevic, Tijana"]
[Result "1/2-1/2"]
[WhiteElo "2411"]
[BlackElo "2151"]
[EventDate "2019.10.19"]
[PlyCount "152"]

1.e4 c5 2.Nc3 d6 3.f4 g6 4.Nf3 Bg7 5.Bc4 e6 6.d4 cxd4 7.Nxd4 a6 8.Nf3 Ne7 
9.O-O b5 10.Bb3 O-O 11.Be3 Bb7 12.Bd4 Bh6 13.Qe1 Nec6 14.Be3 Na5 15.f5 
Bxe3+ 16.Qxe3 Nxb3 17.axb3 exf5 18.exf5 Nd7 19.Rad1 Qf6 20.Nd5 Bxd5 21.
Rxd5 Rac8 22.c3 b4 23.Qf4 Ne5 24.Qxb4 Rb8 25.Qxd6 Nxf3+ 26.Rxf3 Qxd6 27.
Rxd6 Rxb3 28.Rf2 Rfb8 29.fxg6 hxg6 30.Rxa6 Rxb2 31.Rxb2 Rxb2 32.h3 Rc2 33.
Rc6 Kg7 34.Kh2 Kh6 35.Kg3 f5 36.Kf3 Rc1 37.Rc7 Rf1+ 38.Ke2 Rg1 39.Kf2 Rc1 
40.Kg3 Kg5 41.h4+ Kh6 42.Rc8 Rc2 43.Kf3 Rc1 44.c4 Rf1+ 45.Ke2 Rg1 46.Kf2 
Rc1 47.c5 Rc2+ 48.Kf3 Rc4 49.c6 Kg7 50.c7 Kh7 51.Ke3 Kg7 52.Kd3 Rc1 53.Kd2
Rc4 54.Ke3 Kh7 55.Kd3 Rc1 56.Kd4 Kg7 57.Ke3 Rc4 58.Kf3 Kh7 59.Ke2 Kg7 60.
Kd2 Rc6 61.Kd3 Rc1 62.Kd4 Rd1+ 63.Ke3 Rc1 64.h5 f4+ 65.Kd2 Rc6 66.hxg6 
Rd6+ 67.Ke2 Rc6 68.Kf3 Rc4 69.Kg4 Rc1 70.Kxf4 Rf1+ 71.Kg5 Rc1 72.g4 Rc5+ 
73.Kh4 Rc1 74.Ra8 Rxc7 75.Kh5 Rc5+ 76.g5 Rxg5+ 1/2-1/2

[Event "23rd Hoogeveen op"]
[Site "Hoogeveen NED"]
[Date "2019.10.22"]
[Round "5.12"]
[White "Jonkman, Harmen"]
[Black "Tabak, Stefan"]
[Result "1-0"]
[WhiteElo "2383"]
[BlackElo "2181"]
[EventDate "2019.10.19"]
[PlyCount "85"]

1.e4 c5 2.Nf3 d6 3.c3 Nf6 4.Bd3 Nc6 5.Bc2 Bg4 6.h3 Bh5 7.d4 cxd4 8.cxd4 
Bxf3 9.gxf3 e5 10.Ba4 Nd7 11.Be3 Rc8 12.Nc3 a6 13.f4 b5 14.Bb3 exf4 15.
Bxf4 Qh4 16.Bg3 Qf6 17.Ne2 g6 18.f4 Bg7 19.e5 Qe7 20.O-O O-O 21.a4 dxe5 
22.fxe5 Nb6 23.axb5 axb5 24.Rc1 Qd7 25.Rxf7 Rxf7 26.e6 Qe7 27.exf7+ Kh8 
28.d5 Qe3+ 29.Bf2 Qg5+ 30.Kh1 Ne5 31.Bxb6 Rf8 32.d6 Qh4 33.Rc3 Qe4+ 34.Kg1
Nf3+ 35.Rxf3 Qxf3 36.d7 Bf6 37.d8=Q Bxd8 38.Bxd8 Qe3+ 39.Kg2 Qe4+ 40.Kf2 
Qf5+ 41.Ke1 Kg7 42.Qd4+ Kh6 43.h4 1-0

[Event "23rd Hoogeveen op"]
[Site "Hoogeveen NED"]
[Date "2019.10.22"]
[Round "5.13"]
[White "Manush, Shah"]
[Black "Giacomini, Hector"]
[Result "1/2-1/2"]
[WhiteElo "2352"]
[BlackElo "2145"]
[EventDate "2019.10.19"]
[PlyCount "59"]

1.d4 d5 2.c4 e6 3.Nf3 Nf6 4.e3 Be7 5.Nc3 O-O 6.Bd3 dxc4 7.Bxc4 c5 8.O-O a6
9.a4 Nc6 10.h3 b6 11.Qd3 Bb7 12.Rd1 Qc7 13.Qe2 Rfd8 14.d5 exd5 15.Bxd5 Na5
16.Ba2 Rxd1+ 17.Nxd1 Ne4 18.Bd2 Nxd2 19.Nxd2 Bf6 20.Nc4 Nc6 21.Rc1 b5 22.
Na3 Nb4 23.Bb1 Qc6 24.f3 bxa4 25.Be4 Qc7 26.Bxb7 Qxb7 27.Rxc5 Rc8 28.Rc4 
g6 29.Qd2 a5 30.Qc1 1/2-1/2

[Event "23rd Hoogeveen op"]
[Site "Hoogeveen NED"]
[Date "2019.10.22"]
[Round "5.14"]
[White "Adocchio, Giampiero"]
[Black "Doshi, Moksh Amitbhai"]
[Result "0-1"]
[WhiteElo "2184"]
[BlackElo "2328"]
[EventDate "2019.10.19"]
[PlyCount "102"]

1.d4 Nf6 2.Nf3 g6 3.g3 b6 4.Bg2 Bb7 5.O-O Bg7 6.c4 O-O 7.Nbd2 c5 8.d5 e6 
9.e4 d6 10.e5 dxe5 11.dxe6 fxe6 12.Nxe5 Bxg2 13.Kxg2 Nbd7 14.Nxd7 Qxd7 15.
Qe2 e5 16.Ne4 Qc6 17.f3 Rad8 18.Bg5 Rd4 19.Bxf6 Bxf6 20.Rad1 Bg7 21.Rd2 
Bh6 22.Rxd4 cxd4 23.b3 a6 24.h4 b5 25.h5 bxc4 26.bxc4 Rb8 27.hxg6 hxg6 28.
c5 Be3 29.Qc4+ Kg7 30.Re1 g5 31.Nd6 Rb2+ 32.Re2 Rxe2+ 33.Qxe2 Qxc5 34.Nf5+
Kh7 35.Nxe3 dxe3 36.Qd3+ Kg7 37.Qd7+ Kf6 38.Qd8+ Ke6 39.Qg8+ Kd6 40.Qd8+ 
Kc6 41.Qe8+ Kd5 42.Qd7+ Kc4 43.Qa4+ Kc3 44.Qxa6 Kd2 45.Kf1 Qc1+ 46.Kg2 e2 
47.Qd6+ Kc2 48.Qc5+ Kd1 49.Qd5+ Qd2 50.Qb3+ Kc1 51.Qc4+ Qc2 0-1

[Event "23rd Hoogeveen op"]
[Site "Hoogeveen NED"]
[Date "2019.10.22"]
[Round "5.16"]
[White "Takawira, Erick"]
[Black "Elgersma, Onno"]
[Result "0-1"]
[WhiteElo "2101"]
[BlackElo "2306"]
[EventDate "2019.10.19"]
[PlyCount "92"]

1.e4 e6 2.d4 d5 3.Nd2 c5 4.Ngf3 Nc6 5.exd5 Qxd5 6.Bc4 Qd7 7.dxc5 Bxc5 8.
O-O Nf6 9.Qe2 Qc7 10.Ne4 Be7 11.c3 a6 12.a4 b6 13.Re1 Bb7 14.Neg5 O-O 15.
Bxe6 fxe6 16.Nxe6 Qc8 17.Nxf8 Bxf8 18.Qc4+ Kh8 19.Ng5 Nd8 20.Qh4 Qf5 21.
Be3 Qg6 22.f3 Nd5 23.Bd2 h6 24.Qe4 Ne7 25.Qxg6 Nxg6 26.Ne6 Nxe6 27.Rxe6 
Bc5+ 28.Kh1 Rd8 29.Rxg6 Rxd2 30.b4 Bf2 31.Rc1 b5 32.axb5 axb5 33.h3 Kh7 
34.Re6 Bd5 35.Rd6 Bg3 36.Rd7 h5 37.h4 Bxh4 38.Kh2 Bg5 39.Re1 Bf4+ 40.Kg1 
Bg3 41.Rc1 Kh6 42.Ra1 g6 43.Rd8 Kg5 44.Rc1 h4 45.Rd7 h3 46.gxh3 Bh2+ 0-1

[Event "23rd Hoogeveen op"]
[Site "Hoogeveen NED"]
[Date "2019.10.22"]
[Round "5.17"]
[White "Romanishin, Oleg"]
[Black "Elgersma, Simon"]
[Result "1-0"]
[WhiteElo "2441"]
[BlackElo "2111"]
[EventDate "2019.10.19"]
[PlyCount "65"]

1.Nf3 Nf6 2.g3 e6 3.Bg2 d5 4.O-O Be7 5.c4 O-O 6.d4 dxc4 7.Qc2 a6 8.a4 c5 
9.dxc5 Bxc5 10.Qxc4 Nbd7 11.Qc2 Ra7 12.Nc3 b6 13.Bf4 Bb7 14.Rad1 Qa8 15.
Bd6 Rc8 16.Bxc5 Nxc5 17.Rd6 Nce4 18.Rxb6 Nxc3 19.bxc3 Be4 20.Qb2 Rac7 21.
Rc1 Bd5 22.a5 Nd7 23.Rb4 Rc5 24.c4 Bxc4 25.Rbxc4 Rxc4 26.Rxc4 Rxc4 27.Ne5 
Qc8 28.Nxc4 Qxc4 29.Qb7 Qb5 30.Qxb5 axb5 31.Bc6 Nc5 32.Bxb5 Nb7 33.a6 1-0

[Event "23rd Hoogeveen op"]
[Site "Hoogeveen NED"]
[Date "2019.10.22"]
[Round "5.20"]
[White "De Winter, Arthur"]
[Black "Hilwerda, Jonas"]
[Result "0-1"]
[WhiteElo "1896"]
[BlackElo "2229"]
[EventDate "2019.10.19"]
[PlyCount "182"]

1.e4 e5 2.Nf3 Nc6 3.Bb5 a6 4.Ba4 d6 5.c3 Bd7 6.O-O g6 7.d3 Bg7 8.Re1 Nge7 
9.Nbd2 f6 10.Bb3 g5 11.d4 Ng6 12.dxe5 dxe5 13.Nc4 Qe7 14.Ne3 Nf4 15.Nd5 
Nxd5 16.exd5 Nd8 17.Nd4 Qd6 18.Qh5+ Kf8 19.Ne6+ Nxe6 20.dxe6 Bxe6 21.Be3 
Bxb3 22.axb3 b6 23.Qf3 Ke7 24.Red1 Qe6 25.Qb7 Rhc8 26.c4 Rab8 27.Qxa6 Qc6 
28.c5 Ra8 29.Qc4 Rxa1 30.Rxa1 b5 31.Qc2 h6 32.Qg6 Kf8 33.Rd1 Qe8 34.Qd3 
Ke7 35.Qh7 Kf7 36.Qd3 Ke7 37.Ra1 Rd8 38.Qh7 Kf7 39.h3 Qc6 40.Qf5 Qe6 41.
Qc2 Qc6 42.Ra7 Ra8 43.Rxa8 Qxa8 44.c6 Qd8 45.Qc5 Qd1+ 46.Kh2 Bf8 47.Qxb5 
Bd6 48.Qc4+ Ke7 49.Bc5 Qd2 50.Bxd6+ Kxd6 51.Qf7 Qf4+ 52.Kg1 Qc1+ 53.Kh2 
Qf4+ 54.Kg1 Kxc6 55.Qe6+ Kb7 56.Qd5+ Kb6 57.b4 Qc1+ 58.Kh2 Qf4+ 59.Kg1 
Qxb4 60.Qe6+ Kb5 61.Qxf6 Qxb2 62.Qxh6 Qc1+ 63.Kh2 Qf4+ 64.Kg1 Qc1+ 65.Kh2 
Qf4+ 66.Kg1 c5 67.Qh7 Qc1+ 68.Kh2 Qf4+ 69.Kg1 c4 70.Qb7+ Ka4 71.Qa6+ Kb4 
72.Qb6+ Ka4 73.Qa6+ Kb4 74.Qb6+ Kc3 75.Qa5+ Kd3 76.g3 Qd4 77.Qa6 Ke2 78.
Qa2+ Kf3 79.Qa3+ c3 80.Qf8+ Ke2 81.Qf5 e4 82.Qg4+ Ke1 83.Qxg5 Qxf2+ 84.Kh1
Qf1+ 85.Kh2 Qf2+ 86.Kh1 Qf3+ 87.Kh2 Kf2 88.Qc5+ e3 89.Qxe3+ Qxe3 90.g4 
Qg3+ 91.Kh1 Qg2# 0-1

[Event "23rd Hoogeveen op"]
[Site "Hoogeveen NED"]
[Date "2019.10.22"]
[Round "5.21"]
[White "Emans, Job"]
[Black "Mueer, Sebastian"]
[Result "0-1"]
[WhiteElo "2028"]
[BlackElo "2194"]
[EventDate "2019.10.19"]
[PlyCount "58"]

1.d4 Nf6 2.c4 g6 3.Nc3 Bg7 4.e4 d6 5.Nf3 O-O 6.Be2 e5 7.O-O Na6 8.d5 Nc5 
9.Qc2 a5 10.Ne1 Qe7 11.Be3 b6 12.b3 Ng4 13.Bxg4 Bxg4 14.f3 Bd7 15.Nd3 f5 
16.a3 h5 17.b4 Nxd3 18.Qxd3 Kh7 19.c5 f4 20.Bf2 bxc5 21.bxc5 g5 22.Nb5 g4 
23.Nxc7 g3 24.Be1 Rab8 25.Ra2 dxc5 26.Bxa5 Qd6 27.Rd1 Rfc8 28.Ne6 Bxe6 29.
dxe6 Qxd3 0-1

[Event "23rd Hoogeveen op"]
[Site "Hoogeveen NED"]
[Date "2019.10.22"]
[Round "5.22"]
[White "Dev, Shah"]
[Black "Boer, Bas De"]
[Result "1-0"]
[WhiteElo "2025"]
[BlackElo "2142"]
[EventDate "2019.10.19"]
[PlyCount "93"]

1.d4 d5 2.c4 c6 3.Nc3 Nf6 4.Nf3 dxc4 5.a4 Bf5 6.Ne5 Nbd7 7.Nxc4 Nb6 8.Ne5 
a5 9.f3 Nfd7 10.e4 Bg6 11.Be2 Nxe5 12.dxe5 Qxd1+ 13.Kxd1 e6 14.Be3 Nd7 15.
f4 Bb4 16.Bf3 O-O-O 17.Ke2 Nc5 18.g4 f6 19.Bxc5 Bxc5 20.exf6 gxf6 21.Rac1 
Kb8 22.Rhd1 e5 23.f5 Bf7 24.Nd5 Bd4 25.Nxf6 Bb3 26.Rd2 Bxa4 27.Rh1 Bb5+ 
28.Ke1 a4 29.Rg2 Rd6 30.Nh5 Bc5 31.g5 Rd3 32.Be2 Re3 33.Ng3 Rd8 34.f6 a3 
35.bxa3 Ba4 36.Kf1 Rxa3 37.Rf2 Bxf2 38.Kxf2 b5 39.h4 b4 40.h5 Bb3 41.Rb1 
c5 42.Rxb3 Rxb3 43.g6 Ra3 44.g7 Ra7 45.Bc4 b3 46.Bxb3 Ra6 47.f7 1-0

[Event "23rd Hoogeveen op"]
[Site "Hoogeveen NED"]
[Date "2019.10.22"]
[Round "5.23"]
[White "Sparenberg, Erik"]
[Black "Garcia Morales, Ivette Alejandra"]
[Result "1-0"]
[WhiteElo "2142"]
[BlackElo "2013"]
[EventDate "2019.10.19"]
[PlyCount "77"]

1.g3 Nf6 2.Bg2 e6 3.c4 d5 4.Nf3 d4 5.e3 c5 6.exd4 cxd4 7.O-O Nc6 8.d3 Be7 
9.Na3 O-O 10.Re1 Ne8 11.Nc2 a5 12.a3 f6 13.Bd2 a4 14.Nb4 Nc7 15.b3 Na5 16.
bxa4 e5 17.Qc2 Ne6 18.Nd5 Bd6 19.Bb4 Nc5 20.Nd2 Bf5 21.Bxc5 Bxc5 22.f4 Nc6
23.Rab1 Qa5 24.Rb5 Qa7 25.Reb1 Bxa3 26.Nb6 Rae8 27.c5 exf4 28.Qa2+ Kh8 29.
Qxa3 fxg3 30.hxg3 Re3 31.Nf1 Rxd3 32.Qa2 Ne5 33.Qd5 Qb8 34.Nc4 Rc3 35.Rxb7
Qd8 36.Qxd8 Rxd8 37.Rb8 Bc8 38.Nd6 Rxc5 39.Nb7 1-0

[Event "23rd Hoogeveen op"]
[Site "Hoogeveen NED"]
[Date "2019.10.22"]
[Round "5.25"]
[White "Van der Veen, Jan"]
[Black "De Boer, Eelke"]
[Result "0-1"]
[WhiteElo "2043"]
[BlackElo "2323"]
[EventDate "2019.10.19"]
[PlyCount "66"]

1.e4 c5 2.Nf3 d6 3.Bb5+ Nd7 4.O-O a6 5.Bd3 Ngf6 6.Re1 b5 7.a4 Rb8 8.axb5 
axb5 9.Na3 Qa5 10.c3 e5 11.b4 cxb4 12.cxb4 Qxb4 13.Rb1 Qa5 14.Rxb5 Rxb5 
15.Bxb5 Be7 16.d3 O-O 17.Qa4 Qxa4 18.Bxa4 Ba6 19.d4 Rb8 20.Bxd7 Nxd7 21.
Be3 Bd3 22.Nd2 d5 23.Nab1 dxe4 24.dxe5 Nxe5 25.Bf4 Bd6 26.Nc3 f5 27.Nd5 
Rb2 28.Nf1 Kf7 29.Bxe5 Bxe5 30.g3 Ke6 31.Nf4+ Bxf4 32.gxf4 Bxf1 33.Kxf1 
Rb3 0-1

[Event "23rd Hoogeveen op"]
[Site "Hoogeveen NED"]
[Date "2019.10.22"]
[Round "5.26"]
[White "Djukic, Sandra"]
[Black "Van der Hagen, Loek"]
[Result "0-1"]
[WhiteElo "2179"]
[BlackElo "1983"]
[EventDate "2019.10.19"]
[PlyCount "114"]

1.d4 Nf6 2.c4 c5 3.d5 b5 4.cxb5 a6 5.b6 Qxb6 6.Nc3 d6 7.e4 g6 8.Qc2 Bg7 9.
Nf3 Nbd7 10.h3 O-O 11.Be2 Bb7 12.O-O e6 13.dxe6 fxe6 14.e5 dxe5 15.Ng5 Nd5
16.Bg4 Rae8 17.Rd1 N7f6 18.Be2 Nxc3 19.bxc3 Qc6 20.Nf3 Nd5 21.Bd2 Nf4 22.
Bxf4 exf4 23.Rab1 Kh8 24.Bc4 Re7 25.Qd2 e5 26.Qb2 Qf6 27.Qb6 e4 28.Qxf6 
Bxf6 29.Nd2 Bxc3 30.Nb3 Bb4 31.Be2 e3 32.f3 Rc8 33.Rbc1 a5 34.a3 Bxa3 35.
Ra1 Bb4 36.Nxa5 Bxa5 37.Rxa5 c4 38.Ra4 Rec7 39.Rc1 Bd5 40.g3 g5 41.Ra5 Rc5
42.Ra6 Kg7 43.h4 h6 44.h5 Bf7 45.g4 R8c6 46.Ra7 Kf6 47.Kf1 Bd5 48.Rh7 Ke5 
49.Re7+ Re6 50.Rg7 Rcc6 51.Ke1 c3 52.Kd1 Bc4 53.Bxc4 Rxc4 54.Kc2 e2 55.Rg6
Rxg6 56.hxg6 Kd4 57.Ra1 Rc7 0-1

[Event "23rd Hoogeveen op"]
[Site "Hoogeveen NED"]
[Date "2019.10.22"]
[Round "5.28"]
[White "Pekin, Tolgay"]
[Black "Albers, Sasa"]
[Result "1-0"]
[WhiteElo "2083"]
[BlackElo "1975"]
[EventDate "2019.10.19"]
[PlyCount "69"]

1.e4 c6 2.d4 d5 3.e5 c5 4.dxc5 e6 5.a3 Bxc5 6.Nf3 Nd7 7.b4 Be7 8.Bb2 Nh6 
9.Bd3 a5 10.b5 O-O 11.O-O Qc7 12.Qe2 Nc5 13.Nbd2 Nxd3 14.cxd3 Nf5 15.Rfc1 
Qb6 16.a4 Bd7 17.g4 Nh6 18.Bd4 Qd8 19.h3 f5 20.exf6 Bxf6 21.Ne5 Nf7 22.
Ndf3 Nxe5 23.Bxe5 Rc8 24.Qe3 Qe7 25.Kg2 Qf7 26.Rxc8 Bxc8 27.Rc1 Bxe5 28.
Nxe5 Qe7 29.b6 Qf6 30.Rc7 h6 31.f3 Kh8 32.d4 Kg8 33.Qc1 Qd8 34.Ng6 Re8 35.
Rxc8 1-0

[Event "23rd Hoogeveen op"]
[Site "Hoogeveen NED"]
[Date "2019.10.22"]
[Round "5.29"]
[White "Faber, Hugo"]
[Black "Ricken, Katharina"]
[Result "1/2-1/2"]
[WhiteElo "2077"]
[BlackElo "1970"]
[EventDate "2019.10.19"]
[PlyCount "89"]

1.e4 e6 2.d4 d5 3.Nd2 c5 4.exd5 exd5 5.Bb5+ Nc6 6.Ngf3 Qe7+ 7.Be2 Qc7 8.
O-O Nf6 9.Re1 Be6 10.Bb5 Be7 11.c3 O-O 12.dxc5 Bxc5 13.Nb3 Bb6 14.Bxc6 
bxc6 15.Nbd4 Rfe8 16.h3 Ne4 17.Be3 Rad8 18.Qc1 c5 19.Bf4 Qb7 20.Nxe6 Rxe6 
21.Ng5 Nxg5 22.Bxg5 Rde8 23.Qd2 h6 24.Bf4 Qe7 25.Kf1 Re4 26.f3 Rxe1+ 27.
Rxe1 Qxe1+ 28.Qxe1 Rxe1+ 29.Kxe1 f6 30.Ke2 Kf7 31.Kd3 Ke6 32.b3 Kf5 33.Bd2
Ke6 34.a4 Ke5 35.c4 Bc7 36.Be1 Ke6 37.b4 Bd6 38.b5 Bc7 39.a5 d4 40.a6 f5 
41.Bd2 Ke5 42.Bc1 Ke6 43.Bd2 Ke5 44.Bc1 Ke6 45.Bd2 1/2-1/2

[Event "23rd Hoogeveen op"]
[Site "Hoogeveen NED"]
[Date "2019.10.22"]
[Round "5.31"]
[White "Noordenbos, Daan"]
[Black "Stavast, Dick"]
[Result "0-1"]
[WhiteElo "2133"]
[BlackElo "2068"]
[EventDate "2019.10.19"]
[PlyCount "48"]

1.d4 d6 2.c4 e5 3.e3 Be7 4.Nc3 f5 5.Bd3 Nf6 6.Nge2 O-O 7.a3 c6 8.b3 e4 9.
Bc2 d5 10.h4 Be6 11.Nf4 Bf7 12.Qe2 Na6 13.Bd2 Nc7 14.Na4 b6 15.Bc3 Ne6 16.
Nxe6 Bxe6 17.c5 Bf7 18.Kd2 Bh5 19.Qa6 Ng4 20.Raf1 f4 21.cxb6 Nxf2 22.Rxf2 
fxe3+ 23.Kxe3 Bg5+ 24.hxg5 Qxg5+ 0-1

[Event "23rd Hoogeveen op"]
[Site "Hoogeveen NED"]
[Date "2019.10.22"]
[Round "5.32"]
[White "Van der Velde, Henk"]
[Black "Fehr, Axel"]
[Result "1-0"]
[WhiteElo "2118"]
[BlackElo "2045"]
[EventDate "2019.10.19"]
[PlyCount "73"]

1.c4 Nf6 2.g3 g6 3.Bg2 Bg7 4.Nc3 O-O 5.d3 d6 6.Bg5 h6 7.Bd2 c6 8.e4 Na6 9.
h3 e5 10.Nge2 Nc5 11.Be3 Ne6 12.O-O Ng5 13.Kh2 Qd7 14.Ng1 Ne6 15.Qd2 h5 
16.Nge2 h4 17.g4 Nh7 18.f4 exf4 19.Nxf4 Nd4 20.Qf2 c5 21.Nfd5 g5 22.Nb5 
Be5+ 23.Kh1 Nxb5 24.cxb5 b6 25.d4 cxd4 26.Bxd4 f6 27.Rac1 Qd8 28.Rc7 Bd7 
29.Rfc1 Kh8 30.Bf1 Rc8 31.Rxc8 Bxc8 32.Rc7 Bd7 33.Rxa7 Bxg4 34.hxg4 Qc8 
35.Ne7 Qxg4 36.Ng6+ Kg8 37.Bc4+ 1-0

[Event "23rd Hoogeveen op"]
[Site "Hoogeveen NED"]
[Date "2019.10.22"]
[Round "5.34"]
[White "Hoffman, Ron"]
[Black "Gijsen, William"]
[Result "1-0"]
[WhiteElo "1991"]
[BlackElo "2091"]
[EventDate "2019.10.19"]
[PlyCount "101"]

1.Nf3 c5 2.c4 g6 3.Nc3 Bg7 4.e3 Nf6 5.d4 cxd4 6.exd4 O-O 7.Bg5 d6 8.Be2 h6
9.Bh4 Bg4 10.O-O Nc6 11.d5 Bxf3 12.Bxf3 Ne5 13.Be2 Rc8 14.b3 Qa5 15.Nb5 g5
16.Bg3 Ne4 17.Nd4 Nd2 18.Nf5 Nxf1 19.Nxe7+ Kh8 20.Bxf1 Rcd8 21.Nf5 Ng6 22.
Bxd6 Rxd6 23.Nxd6 Bxa1 24.Qxa1+ f6 25.Qb1 Ne5 26.Nf5 Qd2 27.Qe4 Rf7 28.
Nxh6 Rh7 29.Ng4 Nxg4 30.Qxg4 Re7 31.Qf5 Kg7 32.g3 Qd4 33.Bd3 Kf8 34.Kg2 
Qe5 35.Qxe5 Rxe5 36.g4 Re1 37.a4 Ke7 38.c5 a5 39.Kf3 Rc1 40.Bc4 Rc3+ 41.
Ke4 Rh3 42.d6+ Kd8 43.Bd5 Rxh2 44.Bxb7 Rxf2 45.c6 f5+ 46.gxf5 Rc2 47.c7+ 
Kd7 48.c8=Q+ Rxc8 49.Bxc8+ Kxc8 50.f6 Kd7 51.f7 1-0

[Event "23rd Hoogeveen op"]
[Site "Hoogeveen NED"]
[Date "2019.10.22"]
[Round "5.35"]
[White "Labruyere, Roger"]
[Black "Vogel, Jaap"]
[Result "0-1"]
[WhiteElo "1932"]
[BlackElo "2123"]
[EventDate "2019.10.19"]
[PlyCount "68"]

1.d4 Nf6 2.c4 e6 3.Nf3 b6 4.g3 Bb7 5.Bg2 c6 6.O-O Be7 7.Nc3 d5 8.Ne5 Nbd7 
9.Bf4 O-O 10.e4 Nxe5 11.Bxe5 dxc4 12.Qe2 b5 13.Rfd1 Qb6 14.h3 Rfd8 15.Qe3 
Nd7 16.Bf4 e5 17.Bxe5 Nxe5 18.dxe5 Qxe3 19.fxe3 Rxd1+ 20.Rxd1 Rd8 21.Rd4 
Kf8 22.Kf2 Ke8 23.e6 fxe6 24.e5 a6 25.a4 b4 26.Ne4 c5 27.Rxd8+ Kxd8 28.Kf3
Bd5 29.Bf1 g5 30.Be2 Kc7 31.Bd1 b3 32.Be2 Kb6 33.Bf1 Ka5 34.Bg2 c3 0-1

[Event "23rd Hoogeveen op"]
[Site "Hoogeveen NED"]
[Date "2019.10.22"]
[Round "5.36"]
[White "Merkon, Oseb"]
[Black "Mijnster, Niels"]
[Result "1-0"]
[WhiteElo "1930"]
[BlackElo "2145"]
[EventDate "2019.10.19"]
[PlyCount "107"]

1.c4 Nf6 2.Nc3 c5 3.g3 Nc6 4.Bg2 g6 5.d3 Bg7 6.e4 d6 7.Nge2 O-O 8.O-O Bd7 
9.Be3 Qc8 10.d4 Ng4 11.b3 Nxe3 12.fxe3 Bh3 13.Rc1 Bxg2 14.Kxg2 Bh6 15.Nf4 
Bg7 16.d5 Ne5 17.h3 g5 18.Nh5 Bh8 19.g4 Qd7 20.Ne2 Ng6 21.Neg3 e6 22.Rc2 
Qe7 23.Rcf2 Be5 24.Nf6+ Bxf6 25.Rxf6 Nf4+ 26.R6xf4 gxf4 27.exf4 Kh8 28.
Qa1+ f6 29.dxe6 Qxe6 30.Qd1 a5 31.a4 Rg8 32.Qd5 Qxd5 33.exd5 Rge8 34.Kf3 
Rad8 35.Nh5 Rf8 36.Re1 f5 37.Re6 Kg8 38.Ng3 fxg4+ 39.hxg4 Rfe8 40.Nf5 b6 
41.Ke4 Kf7 42.Nh6+ Kg7 43.g5 Rxe6+ 44.dxe6 b5 45.e7 d5+ 46.cxd5 Re8 47.d6 
c4 48.Kd4 cxb3 49.Kc3 bxa4 50.d7 Rxe7 51.d8=Q Re3+ 52.Kd4 Kg6 53.Kxe3 b2 
54.Qe8+ 1-0

[Event "23rd Hoogeveen op"]
[Site "Hoogeveen NED"]
[Date "2019.10.22"]
[Round "5.37"]
[White "Taams, Sander"]
[Black "Vasse, Albert"]
[Result "1/2-1/2"]
[WhiteElo "2094"]
[BlackElo "1934"]
[EventDate "2019.10.19"]
[PlyCount "123"]

1.e4 c5 2.Nf3 Nc6 3.Bb5 g6 4.O-O Bg7 5.Nc3 d6 6.Bxc6+ bxc6 7.Re1 e5 8.a3 
Ne7 9.b4 cxb4 10.axb4 O-O 11.d3 Bg4 12.h3 Be6 13.Be3 Qd7 14.Ng5 Rfb8 15.
Nxe6 Qxe6 16.Ra4 Qd7 17.Qd2 d5 18.Bc5 d4 19.Ne2 Nc8 20.Rea1 Bf8 21.Bxf8 
Kxf8 22.Qh6+ Kg8 23.Qg5 Qd6 24.f4 exf4 25.Nxf4 Rb5 26.Qh4 g5 27.Qh5 gxf4 
28.Qg4+ Kh8 29.Rf1 Ne7 30.Rxf4 Qe6 31.Qf3 f5 32.g4 fxg4 33.hxg4 Rg5 34.Kf1
Rag8 35.Rxa7 R5g7 36.Rf6 Qc8 37.g5 Qb8 38.Rd7 Rxg5 39.Rfd6 Qf8 40.Qf6+ 
Qxf6+ 41.Rxf6 Rg1+ 42.Ke2 R1g2+ 43.Rf2 Rxf2+ 44.Kxf2 Re8 45.Rxd4 Kg7 46.
Rd6 Rf8+ 47.Kg3 Rf6 48.Rd7 Kf7 49.d4 Ke8 50.Ra7 Rf1 51.c4 Rd1 52.d5 cxd5 
53.exd5 Rd4 54.b5 Rxc4 55.b6 Nf5+ 56.Kf3 Nd6 57.Rxh7 Rb4 58.Rh8+ Kd7 59.
Rh7+ Kc8 60.Rc7+ Kb8 61.Rc6 Nc4 62.Rh6 1/2-1/2

[Event "23rd Hoogeveen op"]
[Site "Hoogeveen NED"]
[Date "2019.10.23"]
[Round "6.1"]
[White "Sindarov, Javokhir"]
[Black "Ernst, Sipke"]
[Result "1/2-1/2"]
[WhiteElo "2513"]
[BlackElo "2523"]
[EventDate "2019.10.19"]
[PlyCount "85"]

1.e4 e5 2.Nf3 Nc6 3.Bb5 a6 4.Ba4 Nf6 5.O-O Nxe4 6.d4 b5 7.Bb3 d5 8.dxe5 
Be6 9.c3 Be7 10.Nbd2 O-O 11.Bc2 Nxd2 12.Bxd2 Qd7 13.Bf4 Rad8 14.a4 d4 15.
axb5 axb5 16.Qd3 g6 17.Qxb5 Rb8 18.Qa4 Rxb2 19.Rfd1 Rfb8 20.h3 Qd5 21.Nxd4
Nxd4 22.Rxd4 Qc5 23.Bc1 Bb3 24.Bxb3 R2xb3 25.e6 Qxc3 26.exf7+ Kxf7 27.Rd7 
R8b4 28.Bg5 Qe5 29.Qa2 Qxg5 30.Re1 Kf8 31.Rxc7 Bd8 32.Rxh7 Rb7 33.Rh8+ Kg7
34.Qa1+ Qf6 35.Rxd8 Rb2 36.Qxb2 Rxb2 37.Rd7+ Kh6 38.Rf1 Qf5 39.Rd4 Re2 40.
Rg4 Qc5 41.Rg3 g5 42.Rf3 Qe5 43.Rb1 1/2-1/2